000 00921nam a22003610a 4500
001 PT46420
003 AR-LpoUNG
005 20210131231122.0
008 191001s2010||||ag |||||||||||||||||spa d
020 _a9789871172559
_c$24
040 _aAR-LpoUNG
_bspa
_cAR-LpoUNG
_eaacr
041 _aspa
044 _aag
082 0 _a982.062 485ima
100 1 _aAmaral, Samuel
245 1 0 _aImágenes del peronismo :
_bfotografias : photographs : 1945-1955
250 _a1ra. ed.
260 _aBuenos Aires :
_bEduntref,
_c2010.
300 _a228 p. :
_bfot.
650 4 _aANALISIS HISTORICO
650 4 _aARGENTINA
650 4 _aCULTURA
650 4 _aFOTOS
650 4 _aHISTORIA
650 4 _aHISTORIA POLITICA
650 4 _aPARTIDOS POLITICOS
651 4 _aArgentina
653 _aDUARTE DE PERON, MARIA EVA
653 _aPERONISMO
700 1 _aBotalla, Horacio
905 _a46420
942 _cLIB
999 _c8168
_d8168